000
00256nam a2200097Ia 4500
001
948177
005
20250826215514.0
008
250824s9999 xx 000 0 und d
245
0
_a
KEDİLER ALEMİNİN TEK
_c
CİHAN DEMİRCİ
260
_b
KIRMIZI KEDİ YAYINLARI
999
_c
948177
_d
948177